[Event "Warsaw Szansa blitz op"]
[Site "Warsaw"]
[Date "2023.09.16"]
[Round "13"]
[White "Golecki, Jan"]
[Black "Pietocha, Pawel"]
[Result "1-0"]
[WhiteElo "2183"]
[BlackElo "2026"]
[PlyCount "67"]
[EventDate "2023.09.16"]
[EventType "swiss (blitz)"]
[EventRounds "13"]
[EventCountry "POL"]
[SourceTitle "CBM 216 Extra"]
[Source "ChessBase"]
[SourceDate "2023.11.30"]
[SourceVersion "1"]
[SourceVersionDate "2023.11.30"]
[SourceQuality "1"]

1. f3 e5 2. Kf2 d5 3. e3 Nf6 4. d4 Nc6 5. Bb5 exd4 6. exd4 Be7 7. Ne2 0-0 8. Re1 Bf5 9. Ng3 Bg6 10. Nc3 a6 11. Bxc6 bxc6 12. Bf4 Rb8 13. Na4 Bd6 14. Be5 Nd7 15. f4 f6 16. Bxd6 cxd6 17. f5 Bf7 18. b3 Nb6 19. Nxb6 Qxb6 20. Qd3 c5 21. Re7 cxd4 22. Rae1 Rbc8 23. Ne2 Bh5 24. Nxd4 Rxc2+ 25. Qxc2 Qxd4+ 26. R1e3 Bg4 27. h3 Qf4+ 28. Kg1 Bxf5 29. Qc7 Qg5 30. Qxd6 Be4 31. Rg3 Qh6 32. Qe6+ Kh8 33. Re8 g6 34. Qxf6+ 1-0

[Event "Krakow op-B 28th"]
[Site "Krakow"]
[Date "2017.12.30"]
[Round "5"]
[White "Mielczarek, Daniel"]
[Black "Pietocha, Pawel"]
[Result "1-0"]
[WhiteElo "1900"]
[BlackElo "2094"]
[PlyCount "55"]
[EventDate "2017.12.27"]
[EventType "swiss"]
[EventRounds "9"]
[EventCountry "POL"]
[SourceTitle "CBM 182 Extra"]
[Source "ChessBase"]
[SourceDate "2018.02.23"]
[SourceVersion "1"]
[SourceVersionDate "2018.02.23"]
[SourceQuality "1"]

1. d4 c5 2. c3 d5 3. Nf3 Nc6 4. dxc5 a5 5. Bf4 f6 6. Nbd2 e5 7. Bg3 Bxc5 8. e4 d4 9. Nb3 Be7 10. a4 Be6 11. Rb1 Qb6 12. Bb5 dxc3 13. bxc3 Rd8 14. Qe2 Nh6 15. 0-0 0-0 16. Bc4 Bf7 17. Nbd4 Qc5 18. Bxf7+ Kxf7 19. Qa2+ Ke8 20. Ne6 Qxc3 21. Rfc1 Qa3 22. Nxg7+ Kd7 23. Nxe5+ fxe5 24. Qd5+ Kc7 25. Ne6+ Kb8 26. Bxe5+ Bd6 27. Nxd8 Rxd8 28. Qxc6 1-0

[Event "Krakow op-B 28th"]
[Site "Krakow"]
[Date "2017.12.29"]
[Round "3"]
[White "Pietocha, Pawel"]
[Black "Wnek, Filip"]
[Result "1-0"]
[WhiteElo "2094"]
[BlackElo "1748"]
[PlyCount "119"]
[EventDate "2017.12.27"]
[EventType "swiss"]
[EventRounds "9"]
[EventCountry "POL"]
[SourceTitle "CBM 182 Extra"]
[Source "ChessBase"]
[SourceDate "2018.02.23"]
[SourceVersion "1"]
[SourceVersionDate "2018.02.23"]
[SourceQuality "1"]

1. b3 e5 2. Bb2 f6 3. e3 d5 4. d4 Nc6 5. dxe5 fxe5 6. Bb5 Bd6 7. Bxc6+ bxc6 8. Bxe5 Qg5 9. Nf3 Qg6 10. Bxd6 cxd6 11. 0-0 Ne7 12. Nd4 0-0 13. f4 a6 14. Qd3 Qf6 15. Nc3 c5 16. Nf3 Bb7 17. Ng5 Qf5 18. Nxd5 Nxd5 19. e4 Qg6 20. exd5 Qxd3 21. cxd3 Bxd5 22. g3 Rfe8 23. Rfe1 a5 24. Ne4 Bxe4 25. Rxe4 Rxe4 26. dxe4 a4 27. Rd1 axb3 28. axb3 Ra6 29. Kf2 Kf7 30. Ke3 Ke6 31. f5+ Ke7 32. Kf4 Ra3 33. Rb1 Ra2 34. h4 Rf2+ 35. Ke3 Rg2 36. Kf3 Rd2 37. b4 c4 38. Rc1 Rd3+ 39. Kf4 Rd4 40. Rc3 d5 41. Ke5 Rd3 42. Rc2 dxe4 43. Kxe4 Rxg3 44. Rxc4 Kd6 45. Rd4+ Kc6 46. Ke5 Rg2 47. Ke6 Rf2 48. Rc4+ Kb6 49. Rg4 Rh2 50. Rxg7 Rxh4 51. f6 Re4+ 52. Kf5 Rxb4 53. f7 Rb1 54. Rg4 Rb5+ 55. Kf6 Rb2 56. Rf4 Rc2 57. f8Q Rc6+ 58. Kg7 h5 59. Qb4+ Ka7 60. Qa5+ 1-0

[Event "Krakow op-B 28th"]
[Site "Krakow"]
[Date "2017.12.27"]
[Round "1"]
[White "Pietocha, Pawel"]
[Black "Kostecka, Marika"]
[Result "0-1"]
[WhiteElo "2094"]
[BlackElo "1898"]
[PlyCount "80"]
[EventDate "2017.12.27"]
[EventType "swiss"]
[EventRounds "9"]
[EventCountry "POL"]
[SourceTitle "CBM 182 Extra"]
[Source "ChessBase"]
[SourceDate "2018.02.23"]
[SourceVersion "1"]
[SourceVersionDate "2018.02.23"]
[SourceQuality "1"]

1. e4 c5 2. c3 Nf6 3. e5 Nd5 4. d4 cxd4 5. Nf3 Nc6 6. cxd4 e6 7. Bc4 d6 8. Qe2 Nb6 9. Bb5 Be7 10. Qe4 Bd7 11. Nc3 0-0 12. Bd3 g6 13. Bh6 Re8 14. h4 dxe5 15. dxe5 Nb4 16. Rd1 Bc6 17. Qe2 Nxd3+ 18. Rxd3 Nd5 19. Bg5 Qa5 20. Qd2 Bb4 21. a3 Bxc3 22. bxc3 Bb5 23. c4 Qxd2+ 24. Nxd2 Rac8 25. Rd4 Nb6 26. Ne4 Rxc4 27. Nf6+ Kf8 28. Rxc4 Nxc4 29. Nxe8 Kxe8 30. Bf6 Nxa3 31. Rh3 Nc4 32. h5 g5 33. h6 a5 34. Kd1 Bc6 35. Rg3 Be4 36. Rg4 Bd5 37. Rxg5 b5 38. f3 a4 39. Rg8+ Kd7 40. Rg7 Ke8 0-1

[Event "POL-chT 2nd League"]
[Site "Jastrzebia Gora"]
[Date "2015.09.11"]
[Round "7.35"]
[White "Mondrzycki, Bartlomiej"]
[Black "Pietocha, Pawel"]
[Result "1-0"]
[WhiteElo "2082"]
[BlackElo "2077"]
[PlyCount "129"]
[EventDate "2015.09.05"]
[EventType "team-swiss"]
[EventRounds "9"]
[EventCountry "POL"]
[SourceTitle "EXT 2017"]
[Source "ChessBase"]
[SourceDate "2016.10.25"]
[SourceVersion "1"]
[SourceVersionDate "2016.10.25"]
[SourceQuality "1"]
[WhiteTeam "Wroclaw AZS Politechnika"]
[BlackTeam "Gostynin Gostmat 83"]
[WhiteTeamCountry "POL"]
[BlackTeamCountry "POL"]

1. b3 e5 2. Bb2 Nc6 3. e3 Nf6 4. Bb5 Bd6 5. Ne2 a6 6. Bxc6 dxc6 7. d3 Bg4 8. Nd2 Qe7 9. e4 Nd7 10. 0-0 0-0-0 11. Kh1 Qg5 12. Nc4 h5 13. f3 Be6 14. Qd2 Qe7 15. Nxd6+ cxd6 16. d4 f5 17. d5 cxd5 18. exd5 Bf7 19. c4 g5 20. b4 f4 21. Rfc1 Nf6 22. b5 axb5 23. cxb5+ Kd7 24. Nc3 Ke8 25. b6 Kf8 26. Ba3 Kg7 27. Nb5 Nxd5 28. Rc7 Qe6 29. Rxb7 Rb8 30. Rxb8 Rxb8 31. Nc7 Nxc7 32. bxc7 Ra8 33. Bxd6 Kf6 34. Re1 Qxa2 35. Bxe5+ Kg6 36. Qxa2 Bxa2 37. Ra1 Re8 38. Rxa2 Rxe5 39. Ra6+ Kf7 40. h4 Rc5 41. Rh6 g4 42. Rxh5 Rc1+ 43. Kh2 gxf3 44. gxf3 Kf6 45. Kh3 Rxc7 46. Kg4 Rc1 47. Rf5+ Kg6 48. Rg5+ Kf6 49. Kxf4 Rc4+ 50. Kg3 Rc1 51. Ra5 Rh1 52. Kg4 Rg1+ 53. Kh5 Rg3 54. Ra6+ Kf5 55. Ra8 Ke6 56. Rf8 Ke7 57. Rf4 Ke6 58. Kh6 Ke5 59. Rf8 Rg1 60. h5 Rg2 61. Kh7 Rg1 62. h6 Rg2 63. Kh8 Rg1 64. h7 Rg2 65. Rg8 1-0

[Event "Warsaw Najdorf Memorial op-B 13th"]
[Site "Warsaw"]
[Date "2015.07.18"]
[Round "9"]
[White "Pietocha, Pawel"]
[Black "Szymczak, Rafal"]
[Result "1/2-1/2"]
[WhiteElo "2072"]
[BlackElo "2059"]
[PlyCount "20"]
[EventDate "2015.07.10"]
[EventType "swiss"]
[EventRounds "9"]
[EventCountry "POL"]
[SourceTitle "CBM 167 Extra"]
[Source "ChessBase"]
[SourceDate "2015.09.14"]
[SourceVersion "1"]
[SourceVersionDate "2015.09.14"]
[SourceQuality "1"]

1. e4 c6 2. d3 d5 3. Nd2 dxe4 4. dxe4 e6 5. Ngf3 Nf6 6. e5 Nd5 7. g3 Be7 8. Bg2 0-0 9. 0-0 b5 10. c3 Bb7 1/2-1/2

[Event "Warsaw Najdorf Memorial op-B 13th"]
[Site "Warsaw"]
[Date "2015.07.17"]
[Round "8"]
[White "Pietocha, Pawel"]
[Black "Szustakowski, Antoni"]
[Result "1-0"]
[WhiteElo "2072"]
[BlackElo "1983"]
[PlyCount "115"]
[EventDate "2015.07.10"]
[EventType "swiss"]
[EventRounds "9"]
[EventCountry "POL"]
[SourceTitle "CBM 167 Extra"]
[Source "ChessBase"]
[SourceDate "2015.09.14"]
[SourceVersion "1"]
[SourceVersionDate "2015.09.14"]
[SourceQuality "1"]

1. e4 e6 2. d4 d5 3. e5 c5 4. c3 Qb6 5. Nf3 Nc6 6. a3 Nh6 7. Bd3 cxd4 8. cxd4 Nf5 9. Bxf5 exf5 10. Nc3 Be6 11. 0-0 Be7 12. b4 0-0 13. Qd3 Rac8 14. Na4 Qc7 15. Bg5 b6 16. Qd2 Bxg5 17. Nxg5 Qe7 18. Nf3 Rc7 19. Nc3 a6 20. Na4 Rb8 21. Rfc1 a5 22. b5 Na7 23. Nc3 Rbc8 24. Qb2 Rc4 25. a4 Qb4 26. Qxb4 axb4 27. Ne2 b3 28. Rxc4 Rxc4 29. Kf1 b2 30. Rb1 Rb4 31. Ke1 f4 32. Nxf4 Bf5 33. Nxd5 Bxb1 34. Nxb4 Bc2 35. Nd2 b1Q+ 36. Nxb1 Bxb1 37. Kd2 Be4 38. f3 Bb7 39. Ke3 f6 40. d5 Kf7 41. f4 Nc8 42. Kd4 Ke8 43. Nc2 Ne7 44. Ne3 Kd7 45. g3 Ba8 46. d6 fxe5+ 47. fxe5 Nc8 48. Nd5 Bb7 49. h4 h5 50. Nf4 Bf3 51. Kc4 Nxd6+ 52. exd6 Kxd6 53. Nd3 Ke6 54. Kd4 Kf5 55. Ke3 Bd1 56. a5 Ke6 57. a6 Bb3 58. a7 1-0

[Event "Krakow op-B 25th"]
[Site "Krakow"]
[Date "2014.12.29"]
[Round "4"]
[White "Pietocha, Pawel"]
[Black "Lopuszanski, Kamil"]
[Result "0-1"]
[WhiteElo "2072"]
[BlackElo "1969"]
[PlyCount "64"]
[EventDate "2014.12.27"]
[EventType "swiss"]
[EventRounds "9"]
[EventCountry "POL"]
[SourceTitle "CBM 164 Extra"]
[Source "ChessBase"]
[SourceDate "2015.03.02"]
[SourceVersion "1"]
[SourceVersionDate "2015.03.02"]
[SourceQuality "1"]

1. Nf3 Nf6 2. g3 g6 3. Bg2 Bg7 4. 0-0 0-0 5. d3 d5 6. c3 c5 7. Qc2 Nc6 8. e4 h6 9. Nbd2 Qc7 10. Re1 Rd8 11. Nb3 dxe4 12. dxe4 b6 13. Nh4 e5 14. f4 c4 15. Nd2 b5 16. Nf1 Bb7 17. Nf3 Qe7 18. b3 cxb3 19. axb3 Ng4 20. Ba3 Qc7 21. Bh3 h5 22. f5 Nd4 23. Nxd4 exd4 24. Bxg4 hxg4 25. fxg6 fxg6 26. Qe2 d3 27. Qxg4 Qb6+ 28. Kg2 Bxc3 29. Rad1 Bxe1 30. Rxe1 Rac8 31. Rd1 Re8 32. Nd2 Rc2 0-1

[Event "EU-ch blitz"]
[Site "Warsaw"]
[Date "2013.12.13"]
[Round "2.1"]
[White "Pietocha, Pawel"]
[Black "Dubov, Daniil"]
[Result "0-1"]
[WhiteElo "2071"]
[BlackElo "2629"]
[PlyCount "40"]
[EventDate "2013.12.13"]
[EventType "swiss (blitz)"]
[EventRounds "11"]
[EventCountry "POL"]
[SourceTitle "CBM 157 Extra"]
[Source "ChessBase"]
[SourceDate "2013.12.19"]
[SourceVersion "1"]
[SourceVersionDate "2013.12.19"]
[SourceQuality "1"]

1. b3 d6 2. Bb2 Nd7 3. e3 Ngf6 4. c4 g6 5. Nf3 Bg7 6. d4 0-0 7. Nc3 c5 8. d5 a6 9. a4 Qa5 10. Qd2 Ne4 11. Nxe4 Qxd2+ 12. Kxd2 Bxb2 13. Rb1 Bg7 14. b4 cxb4 15. Rxb4 f5 16. Nc3 Nc5 17. Nd4 f4 18. f3 fxe3+ 19. Kxe3 Bh6+ 20. Kf2 Bd2 0-1

[Event "Warsaw Najdorf Memorial op-A 10th"]
[Site "Warsaw"]
[Date "2012.08.14"]
[Round "9"]
[White "Rozycki, Bartlomiej"]
[Black "Pietocha, Pawel"]
[Result "0-1"]
[WhiteElo "1971"]
[BlackElo "2125"]
[PlyCount "102"]
[EventDate "2012.08.06"]
[EventType "swiss"]
[EventRounds "9"]
[EventCountry "POL"]
[SourceTitle "CBM 149 Extra"]
[Source "ChessBase"]
[SourceDate "2012.08.24"]
[SourceVersion "1"]
[SourceVersionDate "2012.08.24"]
[SourceQuality "1"]

1. e4 g6 2. d4 Bg7 3. Nc3 d5 4. exd5 Nf6 5. Bc4 Nbd7 6. Bg5 0-0 7. Bb3 Nb6 8. Bxf6 Bxf6 9. Nge2 Bg4 10. f3 Bh4+ 11. Ng3 Bd7 12. 0-0 f5 13. a4 Kh8 14. a5 Nc8 15. Nce2 Bg5 16. f4 Bf6 17. c4 e6 18. dxe6 Bxe6 19. d5 Bf7 20. Nd4 Qd6 21. Kh1 Qc5 22. Nf3 Qe3 23. Qc2 Qxf4 24. Rae1 Qd6 25. c5 Qd8 26. Rd1 b6 27. Nd4 bxc5 28. Ne6 Bxe6 29. dxe6 Bd4 30. Ne2 Qd6 31. Qc4 Rd8 32. Nxd4 cxd4 33. Rc1 Rb8 34. Rfd1 Rb4 35. Qd3 Ne7 36. Rc4 Nc6 37. Rxb4 Qxb4 38. h3 Nxa5 39. Bc2 Nc6 40. Qf3 Qd6 41. Re1 Ne7 42. Bd3 Nd5 43. Bc4 Ne3 44. Rxe3 dxe3 45. Qxe3 Kg7 46. b3 Kf6 47. Qh6 Qg3 48. Qc1 Rd4 49. Qa1 Qe5 50. Kg1 Re4 51. Qxa7 Qd4+ 0-1

[Event "Warsaw Najdorf Memorial op-A 10th"]
[Site "Warsaw"]
[Date "2012.08.09"]
[Round "4"]
[White "Pietocha, Pawel"]
[Black "Sujkowski, Pawel"]
[Result "1-0"]
[WhiteElo "2125"]
[BlackElo "1970"]
[PlyCount "45"]
[EventDate "2012.08.06"]
[EventType "swiss"]
[EventRounds "9"]
[EventCountry "POL"]
[SourceTitle "CBM 149 Extra"]
[Source "ChessBase"]
[SourceDate "2012.08.24"]
[SourceVersion "1"]
[SourceVersionDate "2012.08.24"]
[SourceQuality "1"]

1. e4 e5 2. Nf3 Nc6 3. Nc3 Nf6 4. Nxe5 Nxe5 5. d4 Nc6 6. d5 Ne5 7. f4 Ng6 8. e5 Ng8 9. d6 cxd6 10. exd6 Qf6 11. Nb5 Kd8 12. Be3 Qe6 13. Qd4 Nh6 14. 0-0-0 Nf5 15. Qb6+ axb6 16. Bxb6+ Ke8 17. Nc7+ Kd8 18. Nxa8+ Ke8 19. Nc7+ Kd8 20. Nxe6+ Ke8 21. Nc7+ Kd8 22. Nd5+ Ke8 23. Re1+ 1-0

[Event "Warsaw Najdorf Memorial op-A 10th"]
[Site "Warsaw"]
[Date "2012.08.08"]
[Round "3"]
[White "Malec, Sebastian"]
[Black "Pietocha, Pawel"]
[Result "1-0"]
[WhiteElo "2093"]
[BlackElo "2125"]
[PlyCount "35"]
[EventDate "2012.08.06"]
[EventType "swiss"]
[EventRounds "9"]
[EventCountry "POL"]
[SourceTitle "CBM 149 Extra"]
[Source "ChessBase"]
[SourceDate "2012.08.24"]
[SourceVersion "1"]
[SourceVersionDate "2012.08.24"]
[SourceQuality "1"]

1. Nf3 Nf6 2. g3 d5 3. c4 c6 4. b3 Bf5 5. Bg2 Nbd7 6. Bb2 e6 7. 0-0 Bd6 8. d3 Qc7 9. Nbd2 e5 10. cxd5 cxd5 11. Rc1 Qb6 12. e4 Bg6 13. d4 Nxe4 14. Nxe5 Nxe5 15. dxe5 Bc5 16. Nxe4 dxe4 17. Qd5 Rc8 18. Ba3 1-0

[Event "Warsaw-ch opA 65th"]
[Site "Warsaw"]
[Date "2012.05.31"]
[Round "6"]
[White "Leniart, Arkadiusz"]
[Black "Pietocha, Pawel"]
[Result "1-0"]
[WhiteElo "2455"]
[BlackElo "2124"]
[PlyCount "71"]
[EventDate "2012.05.26"]
[EventType "swiss"]
[EventRounds "9"]
[EventCountry "POL"]
[SourceTitle "CBM 148 Extra"]
[Source "ChessBase"]
[SourceDate "2012.06.22"]
[SourceVersion "1"]
[SourceVersionDate "2012.06.22"]
[SourceQuality "1"]

1. Nf3 Nf6 2. c4 c6 3. Nc3 d5 4. d4 e6 5. e3 Nbd7 6. Qc2 Be7 7. Bd3 dxc4 8. Bxc4 b5 9. Bd3 Bb7 10. e4 b4 11. Na4 Qa5 12. Bd2 c5 13. dxc5 Bc6 14. b3 Bxa4 15. bxa4 Qxc5 16. Qxc5 Bxc5 17. Rc1 Ke7 18. Ke2 a5 19. Rc2 e5 20. Rhc1 Bd6 21. Bb5 Nxe4 22. Bc6 Nec5 23. Be3 Ne6 24. Bxa8 Rxa8 25. Ng5 Nxg5 26. Bxg5+ f6 27. Be3 h6 28. Rc6 e4 29. Rd1 Be5 30. Rd5 g5 31. g3 Bc3 32. Rc4 Rd8 33. Bc5+ Ke8 34. Rd6 Nxc5 35. Rxd8+ Kxd8 36. Rxc5 1-0

[Event "Warsaw-ch opA 65th"]
[Site "Warsaw"]
[Date "2012.05.27"]
[Round "2"]
[White "Janczarski, Michal"]
[Black "Pietocha, Pawel"]
[Result "1-0"]
[WhiteElo "2345"]
[BlackElo "2124"]
[PlyCount "105"]
[EventDate "2012.05.26"]
[EventType "swiss"]
[EventRounds "9"]
[EventCountry "POL"]
[SourceTitle "CBM 148 Extra"]
[Source "ChessBase"]
[SourceDate "2012.06.22"]
[SourceVersion "1"]
[SourceVersionDate "2012.06.22"]
[SourceQuality "1"]

1. Nf3 g6 2. e4 Bg7 3. d4 d6 4. Bd3 Bg4 5. c3 Nf6 6. Nbd2 Nbd7 7. h3 Bxf3 8. Nxf3 e5 9. Qb3 Rb8 10. 0-0 0-0 11. Be3 c5 12. Rfd1 Qc7 13. dxe5 dxe5 14. a4 Rbc8 15. Nd2 a6 16. a5 Ne8 17. Nc4 Kh8 18. g4 Qc6 19. Qa4 Qe6 20. Bf1 Rc7 21. Bg2 f5 22. exf5 gxf5 23. gxf5 Qxf5 24. Nb6 Nef6 25. Rd6 Rg8 26. Nxd7 Nxd7 27. Qc4 Bf6 28. Kf1 Rxg2 29. Kxg2 Nf8 30. Qd5 Rg7+ 31. Kf1 Qxh3+ 32. Ke2 Be7 33. Rb6 Qg4+ 34. Kd2 Bd8 35. Rxb7 Bc7 36. Rxc7 Rxc7 37. Qxe5+ Qg7 38. Qxg7+ Kxg7 39. Kd3 c4+ 40. Kd4 Kf6 41. Kd5 Kf5 42. Rh1 Ng6 43. Bb6 Nf4+ 44. Kd6 Rg7 45. Kc5 Nd3+ 46. Kxc4 Nxb2+ 47. Kd5 Rd7+ 48. Kc6 Rf7 49. Rh4 Nd3 50. Be3 Ne5+ 51. Kb6 Rf6+ 52. Kb7 Kg6 53. Rh6+ 1-0